000 00542nam a2200181Ia 4500
008 151018s9999 xx 000 0 und d
082 _bRBASDV43253
_a891.432
100 _aजितेंद्र मित्तल
245 _aएक बयान
250 _b2
260 _bसंभावना
_c2007
300 _a64
600 _aजितेंद्र मित्तल
630 _aएक बयान
700 _aजितेंद्र मित्तल
730 _aएक बयान
942 _cBOOK
999 _c1042467
_d1042464